JOZEF VIKTORÍN V POSTOJENSKEJ JASKYNI

Bibliographic Details
Main Author: Benický, Vojtech, 1907-1971 (Author)
Format: Article
Language:Slovak

MARC

LEADER 00000nab a2200000uu 4500
001 vtls011146074
003 SK-MaSNL
005 20260303145829.0
008 230222| xo |||||||||||||||||slo|
015 |a SNBRB 
035 |a (urnnbn)urn:nbn:sk:snk:ar-008kol 
035 |a (uuid)050c1e11-ba6c-4563-ad1f-9fba11ed366b 
035 |a urn:nbn:sk:snk-abawq3 
040 |a SNKBUCL  |b slo  |c SNKBUCL  |e AACR2 
041 0 |a slo 
044 |a xo  |c SK 
100 1 |a Benický, Vojtech,  |d 1907-1971  |4 aut  |9 42403 
245 1 0 |a JOZEF VIKTORÍN V POSTOJENSKEJ JASKYNI  |c Vojtech Benický 
773 0 |t Slovenský kras : sborník Múzea slovenského krasu v Lipt. Mikuláši  |g Roč. 6, č. 1 (1965-1966), s. 103-105 
954 |a odborná, vedecká literatúra pôvodná (slovenská)  |2 lita 
958 |a OND 
958 |a EUIPO 
958 |a article14 
999 |c 2005608  |d 2007538